| 000 | 00774nam a2200277Ia 4500 | ||
|---|---|---|---|
| 003 | OSt | ||
| 005 | 20221007101517.0 | ||
| 006 | a|||||r|||| 00| 0 | ||
| 007 | ta | ||
| 008 | 221006b |||||||| |||| 00| 0 eng d | ||
| 024 | _a6,575 | ||
| 037 | _cTextual | ||
| 040 |
_aLCO _cLCO _beng |
||
| 041 |
_2eng _aeng |
||
| 082 | _aX724:(Z), L5 | ||
| 100 | _aBhargava U.K. Ed. | ||
| 245 | 0 | _aIncome Tax Rules, 1962 | |
| 250 | _a9th | ||
| 260 |
_aDelhi _bA Taxmann Publication India _c1975 |
||
| 300 | _aVarious | ||
| 500 | _aAppellate Tribunal Rules; Certificate Proceedings Rules | ||
| 650 | _aINCOME TAX | ||
| 700 |
_a Bhargava B.P. Ed. _9311246 |
||
| 942 |
_hX724:(Z), L5 _cTEXL |
||
| 999 |
_c1176138 _d1176138 |
||